Koncepce výzkumu, vývoje a inovací Ministerstva zemědělství na léta 2016-2022 /

Korporativní autor: Česko. Ministerstvo zemědělství. Odbor výzkumu, vzdělávání a poradenství
Další autoři: Česká akademie zemědělských věd
Jazyk: Čeština
Vydáno: Praha : Ministerstvo zemědělství, 2017
Vydání: 2., uprav. vydání
Témata:
Fyzický popis: 52 stran : barevné ilustrace ; 30 cm
Knihy
Uloženo v:
LEADER 01827nam a2200433 i 4500
001 nkc20172928596
003 CZ PrNK
005 20171009154030.0
007 ta
008 170823s2017 xr a f 000 0 cze
020 |a 978-80-7434-344-5  |q (brožováno) 
040 |a BOA001  |b cze  |d ABA001  |e rda 
043 |a e-xr--- 
045 |a y1y2 
072 7 |a 631  |x Zemědělství. Pedologie. Agrotechnika. Agroekologie  |2 Konspekt  |9 24 
080 |a 631:001.891  |2 MRF 
080 |a (437.3)  |2 MRF 
080 |a (047)  |2 MRF 
110 1 |a Česko.  |b Ministerstvo zemědělství.  |b Odbor výzkumu, vzdělávání a poradenství  |7 ko2016923127  |4 aut 
245 1 0 |a Koncepce výzkumu, vývoje a inovací Ministerstva zemědělství na léta 2016-2022 /  |c materiál zpracoval odbor výzkumu, vzdělávání a poradenství ... Ministerstva zemědělství ve spolupráci s Českou akademií zemědělských věd a resortními veřejnými výzkumnými institucemi 
250 |a 2., uprav. vydání 
264 1 |a Praha :  |b Ministerstvo zemědělství,  |c 2017 
300 |a 52 stran :  |b barevné ilustrace ;  |c 30 cm 
336 |a text  |b txt  |2 rdacontent 
337 |a bez média  |b n  |2 rdamedia 
338 |a svazek  |b nc  |2 rdacarrier 
648 7 |a 21. století  |7 ch460559  |2 czenas 
648 4 |a 2016-2022 
650 0 7 |a zemědělský výzkum  |7 ph127630  |z Česko  |y 21. století  |2 czenas 
650 0 9 |a agricultural research  |z Czechia  |y 21st century  |2 eczenas 
655 7 |a zprávy  |7 fd133875  |2 czenas 
655 9 |a reports  |2 eczenas 
710 2 |a Česká akademie zemědělských věd  |7 ko2002107782  |4 aut 
910 2 |a BOA001  |b 4-1394.248 
928 9 |a Ministerstvo zemědělství České republiky 
990 |a BK 
995 |a 11 
991 |b 201709  |c NOV 
996 6 |b 2610718015  |c 4-1394.248  |l MZK  |r Sklad / do 1 hodiny  |n 2  |p p.v.  |w 001628727  |u 000010  |a 1  |e BOA001  |j MZK50  |s P